• 首页
  • 本馆介绍
  • 公告通知
  • 最新文献
  • 馆藏检索
  • 电子资源
  • 读者导购
  • 参考咨询
  • 我的图书馆
  • 登录
  • 详细信息显示
  • 放入我的书架
  • 预约/预借图书
  • 作者相关作品
  • 分类相关作品
  • 丛书相关作品
  • 出版社相关作品

书目信息

  • 表格格式
  • 工作单格式
  • 卡片格式
题名:
Linux技术内幕
    
 
作者: 罗秋明 著
分册:  
出版信息: 北京   清华大学出版社  2017
页数: xiv, 773页
开本: 26cm
丛书名:
单 册:
中图分类: TP316.85
科图分类:
主题词: Linux操作系统--Linuxcao zuo ji tong--高等学校--教材
电子资源:
ISBN: 978-7-302-45100-6
000 01102nam0 2200253 450
001 ZJTS
005 20170619155934.39
010    @a978-7-302-45100-6@b@dCNY98.00
100    @a20161207d2017 em y0chiy0121 ea
101 0  @achi
102    @aCN@b110000
105    @aak z 000yy
106    @ar
200 1  @aLinux技术内幕@ALinuxji shu nei mu@f罗秋明著@g
210    @a北京@c清华大学出版社@d2017
215    @axiv, 773页@c图@d26cm
330    @a本书首先将从一个C程序源代码编译过程入手引入Linux进程映像的概念, 继而以进程主体的需求引入Linux进程空间虚存管理和物理内存管理。在上述“实在”概念基础之上再讨论多Linux进程切换和进程调度, 进而讨论Linux进程间通信、同步等问题。以上是第一篇的基础内容, 第二篇则是以文件系统为骨干, 将文件系统、设备管理、页缓存及换页等庞杂的功能通过文件系统联系到一起。各部分内容联系紧密, 相互间的作用已由明确的接口划分。
333    @a高等学校相关专业学生
606 0  @aLinux操作系统@ALinuxcao zuo ji tong@x高等学校@j教材
690    @aTP316.85@v5
701  0 @a罗秋明@Aluo qiu ming@4著
801  0 @aCN@bZHONGJIAO@c20170609@g
905    @aBZT@dTP316.85@e12
906    @dCNY98.00@n3@r1
    
    Linux技术内幕/罗秋明著.-北京:清华大学出版社,2017
    xiv, 773页:图;26cm
    使用对象:高等学校相关专业学生
    
    ISBN 978-7-302-45100-6:CNY98.00
    本书首先将从一个C程序源代码编译过程入手引入Linux进程映像的概念, 继而以进程主体的需求引入Linux进程空间虚存管理和物理内存管理。在上述“实在”概念基础之上再讨论多Linux进程切换和进程调度, 进而讨论Linux进程间通信、同步等问题。以上是第一篇的基础内容, 第二篇则是以文件系统为骨干, 将文件系统、设备管理、页缓存及换页等庞杂的功能通过文件系统联系到一起。各部分内容联系紧密, 相互间的作用已由明确的接口划分。
●
相关链接 在五车中查询图书 在当当中查询图书 在豆瓣中查询图书


正题名:Linux技术内幕     索取号:TP316.85/12         预约/预借

序号 登录号 条形码 馆藏地/架位号 状态 备注
1 830423   2000830423   第二书库/ [索取号:TP316.85/12] 在馆    
2 830424   2000830424   第二书库/ [索取号:TP316.85/12] 在馆    
3 830425   2000830425   第二书库/ [索取号:TP316.85/12] 在馆    
山东省滨州职业学院图书馆 欢迎您!
大连网信软件有限公司© 版权所有